[Event "Australasian Masters IM"]
[Site "Melbourne"]
[Date "2014.12.13"]
[Round "1.2"]
[White "Schon, Eugene"]
[Black "Liu, Yi"]
[Result "1-0"]
[WhiteElo "2287"]
[BlackElo "2233"]
[PlyCount "55"]
[EventDate "2014.12.??"]
[EventType "tourn"]
[EventRounds "9"]
[EventCountry "AUS"]
[SourceDate "2014.12.14"]

1. e4 e6 2. d4 d5 3. Nc3 Nf6 4. e5 Nfd7 5. f4 c5 6. Nf3 Nc6 7. Be3 cxd4 8. Nxd4
Bc5 9. Qd2 O-O 10. O-O-O a6 11. Nb3 Bb4 12. Bd3 b5 13. g4 Rb8 14. Rhg1 a5 15.
Nd4 Nxd4 16. Bxd4 Nc5 17. f5 Nxd3+ 18. Qxd3 Be7 19. f6 gxf6 20. Rdf1 fxe5 21.
Bxe5 Ba6 22. g5 b4 23. Qh3 Bxg5+ 24. Kb1 f6 25. Rxg5+ Kh8 26. Rxf6 Rxf6 27. Qh6
Qf8 28. Bxf6+ 1-0

[Event "Australasian Masters IM"]
[Site "Melbourne"]
[Date "2014.12.13"]
[Round "1.3"]
[White "Bjelobrk, Igor"]
[Black "Jordan, William"]
[Result "1-0"]
[WhiteElo "2355"]
[BlackElo "2233"]
[PlyCount "97"]
[EventDate "2014.12.??"]
[EventType "tourn"]
[EventRounds "9"]
[EventCountry "AUS"]
[SourceDate "2014.12.14"]

1. Nf3 g6 2. e4 c5 3. d4 cxd4 4. Nxd4 Nc6 5. c4 e5 6. Nb5 d6 7. N1c3 a6 8. Na3
Bg7 9. Nc2 Nge7 10. h4 h5 11. Bg5 Be6 12. Qd2 f6 13. Be3 Kf7 14. Nd5 Nc8 15. g3
Rb8 16. a4 b6 17. Ncb4 Nxb4 18. Nxb4 Ra8 19. Bh3 Bxh3 20. Rxh3 Ne7 21. Rh1 b5
22. Qd3 Qa5 23. Bd2 Bh6 24. Bc3 Qb6 25. Ke2 Qb7 26. axb5 axb5 27. cxb5 Rhd8 28.
Rxa8 Rxa8 29. Rd1 Kg7 30. Nd5 Nc8 31. Qc4 Rb8 32. Ra1 Qxb5 33. Qxb5 Rxb5 34.
Ra8 Rc5 35. b4 Rc6 36. Kd3 f5 37. f3 Kf7 38. b5 Rc5 39. Bb4 Rc1 40. b6 Nxb6 41.
Ra7+ Ke8 42. Nxb6 Rg1 43. Nd5 Rxg3 44. Nf6+ Kd8 45. Bxd6 Rxf3+ 46. Kc4 Kc8 47.
Rc7+ Kb8 48. Nd7+ Ka8 49. Nb6+ 1-0

[Event "Australasian Masters IM"]
[Site "Melbourne"]
[Date "2014.12.13"]
[Round "1.4"]
[White "Gorka, Carl"]
[Black "Smith, Robert"]
[Result "0-1"]
[WhiteElo "2089"]
[BlackElo "2245"]
[PlyCount "64"]
[EventDate "2014.12.??"]
[EventType "tourn"]
[EventRounds "9"]
[EventCountry "AUS"]
[SourceDate "2014.12.14"]

1. e4 c5 2. Nf3 g6 3. c3 Bg7 4. Be2 Nf6 5. d3 O-O 6. O-O Nc6 7. Nbd2 e5 8. Nc4
d6 9. Bg5 h6 10. Bxf6 Bxf6 11. Ne3 Bg7 12. Nd2 Be6 13. Nd5 Ne7 14. Bf3 f5 15.
g3 Qd7 16. Bg2 f4 17. Nxe7+ Qxe7 18. c4 h5 19. Bf3 Bh6 20. Kh1 fxg3 21. fxg3
Qg5 22. Nb1 Rf7 23. Nc3 Raf8 24. Bg2 Rxf1+ 25. Bxf1 Rf2 26. Qe1 Qf6 27. Kg1
Rxb2 28. Rb1 Bd2 29. Qe2 Bxc3 30. Rxb2 Bd4+ 31. Kg2 Bg4 32. Qd2 Qf3# 0-1

[Event "Australasian Masters IM"]
[Site "Melbourne"]
[Date "2014.12.13"]
[Round "1.5"]
[White "Rujevic, Mirko"]
[Black "Dizdarevic, Mehmedalija"]
[Result "1-0"]
[WhiteElo "2211"]
[BlackElo "1923"]
[PlyCount "107"]
[EventDate "2014.12.??"]
[EventType "tourn"]
[EventRounds "9"]
[EventCountry "AUS"]
[SourceDate "2014.12.14"]

1. e4 d5 2. exd5 Nf6 3. d4 Bg4 4. Bb5+ Nbd7 5. Be2 Bxe2 6. Qxe2 Nxd5 7. c4 N5b6
8. Nf3 g6 9. O-O Bg7 10. Re1 O-O 11. Nc3 c6 12. Bg5 Bf6 13. Rad1 e6 14. Bf4 Re8
15. Ne4 Be7 16. b3 Nf6 17. Neg5 Bb4 18. Rf1 Nh5 19. Bc1 Nd7 20. g4 Ng7 21. Bf4
Be7 22. Rd3 Qa5 23. Rfd1 Rac8 24. Qb2 Nf6 25. Ne5 Rf8 26. h3 Qd8 27. Qe2 Nfe8
28. Nef3 Nf6 29. Re1 Bb4 30. Red1 Be7 31. Ne4 Nxe4 32. Qxe4 Qa5 33. d5 cxd5 34.
cxd5 Bd8 35. d6 Qxa2 36. Qxb7 Bb6 37. Be3 Rb8 38. Qe4 Bd8 39. Qc4 Bf6 40. Bc5
Bd8 41. d7 Qa5 42. Bxf8 Kxf8 43. Nd4 Rb4 44. Qc8 Rxd4 45. Rxd4 Ke7 46. b4 Qb6
47. Qc5+ Qxc5 48. bxc5 e5 49. Rd5 f6 50. g5 Ne6 51. gxf6+ Kxf6 52. c6 Nc7 53.
Ra5 a6 54. Rb1 1-0

[Event "Australasian Masters IM"]
[Site "Melbourne"]
[Date "2014.12.14"]
[Round "2.1"]
[White "Izzat, Kanan"]
[Black "Dizdarevic, Mehmedalija"]
[Result "1-0"]
[WhiteElo "2402"]
[BlackElo "1923"]
[PlyCount "85"]
[EventDate "2014.12.??"]
[EventType "tourn"]
[EventRounds "9"]
[EventCountry "AUS"]
[SourceDate "2014.12.14"]

1. d4 Nf6 2. c4 c5 3. d5 b5 4. cxb5 a6 5. b6 Bb7 6. Nc3 d6 7. Nf3 g6 8. e4 Bg7
9. Be2 Nbd7 10. O-O O-O 11. a4 Qxb6 12. a5 Qc7 13. Nd2 e6 14. Nc4 e5 15. h4 h5
16. Bg5 Rfe8 17. Qd3 Nh7 18. Bd2 Rad8 19. Na4 Ndf6 20. f3 Qe7 21. g3 Nd7 22. b4
Rf8 23. bxc5 dxc5 24. Rab1 Bc8 25. Ncb6 Nxb6 26. axb6 f5 27. Qc4 Kh8 28. Nxc5
f4 29. Kg2 fxg3 30. b7 Bg4 31. Nxa6 Qxh4 32. Rh1 Qf6 33. Qd3 h4 34. b8=Q h3+
35. Kxg3 Ng5 36. Kxg4 Bh6 37. Rb6 Qe7 38. Qc7 Rd7 39. Qc5 Qf7 40. Qce3 Qg7 41.
Qxg5 Bxg5 42. Rxh3+ Kg8 43. Bxg5 1-0

[Event "Australasian Masters IM"]
[Site "Melbourne"]
[Date "2014.12.14"]
[Round "2.2"]
[White "Smith, Robert"]
[Black "Rujevic, Mirko"]
[Result "1-0"]
[WhiteElo "2245"]
[BlackElo "2211"]
[PlyCount "101"]
[EventDate "2014.12.??"]
[EventType "tourn"]
[EventRounds "9"]
[EventCountry "AUS"]
[SourceDate "2014.12.14"]

1. e4 e5 2. Nf3 Nc6 3. d4 exd4 4. Nxd4 Nf6 5. Nxc6 bxc6 6. e5 Nd5 7. c4 Bb4+ 8.
Bd2 Bxd2+ 9. Qxd2 Ne7 10. Nc3 Ng6 11. f4 O-O 12. Bd3 d6 13. O-O-O Bg4 14. Rdf1
dxe5 15. h3 Bc8 16. Bxg6 Qxd2+ 17. Kxd2 hxg6 18. fxe5 Bf5 19. Rd1 Rfe8 20. Rhe1
g5 21. Re3 g4 22. h4 Rad8+ 23. Ke2 Rxd1 24. Nxd1 c5 25. Nc3 Bd7 26. Kf2 Bc6 27.
Re2 Rd8 28. e6 fxe6 29. Rxe6 Rd2+ 30. Ke3 Rd6 31. Rxd6 cxd6 32. g3 Kf7 33. Kf4
Bd7 34. Nd5 a5 35. Ne3 Be6 36. Nf5 d5 37. cxd5 Bxd5 38. a3 Be6 39. Ne3 Ke7 40.
Nxg4 Kd6 41. Ne3 c4 42. Ke4 Kc5 43. Nd1 g6 44. Nc3 Bf5+ 45. Ke5 Bd3 46. g4 Bc2
47. Ne4+ Bxe4 48. Kxe4 c3 49. bxc3 Kc4 50. h5 gxh5 51. gxh5 1-0

[Event "Australasian Masters IM"]
[Site "Melbourne"]
[Date "2014.12.14"]
[Round "2.3"]
[White "Jordan, William"]
[Black "Gorka, Carl"]
[Result "1-0"]
[WhiteElo "2233"]
[BlackElo "2089"]
[PlyCount "73"]
[EventDate "2014.12.??"]
[EventType "tourn"]
[EventRounds "9"]
[EventCountry "AUS"]
[SourceDate "2014.12.14"]

1. e4 e5 2. Nf3 d6 3. d4 exd4 4. Nxd4 Nf6 5. Nc3 Be7 6. f3 O-O 7. Be3 a6 8. g4
Re8 9. Qd2 d5 10. g5 c5 11. gxf6 Bxf6 12. O-O-O cxd4 13. Bxd4 dxe4 14. Bxf6
Qxf6 15. Nd5 Qe5 16. Rg1 e3 17. Qg2 g6 18. f4 Qe6 19. Bc4 Qc6 20. Bb3 Kg7 21.
Rd3 Nd7 22. f5 e2 23. Re1 f6 24. fxg6 hxg6 25. Rg3 Ne5 26. Rc3 Qd6 27. Qxe2
Nd3+ 28. Qxd3 Rxe1+ 29. Kd2 Bf5 30. Rc7+ Kh6 31. Qd4 Re4 32. Rh7+ Kg5 33. h4+
Kg4 34. Nxf6+ Qxf6 35. Qxf6 Rae8 36. Qg5+ Kf3 37. Bd5 1-0

[Event "Australasian Masters IM"]
[Site "Melbourne"]
[Date "2014.12.14"]
[Round "2.4"]
[White "Liu, Yi"]
[Black "Bjelobrk, Igor"]
[Result "1/2-1/2"]
[WhiteElo "2233"]
[BlackElo "2355"]
[PlyCount "118"]
[EventDate "2014.12.??"]
[EventType "tourn"]
[EventRounds "9"]
[EventCountry "AUS"]
[SourceDate "2014.12.14"]

1. d4 d5 2. Nf3 Nf6 3. c4 c6 4. e3 g6 5. Nc3 Bg7 6. Bd3 O-O 7. O-O dxc4 8. Bxc4
Bg4 9. h3 Bxf3 10. Qxf3 Nbd7 11. Rd1 e5 12. d5 e4 13. Nxe4 Nxe4 14. Qxe4 Nb6
15. Bb3 Nxd5 16. Bxd5 cxd5 17. Rxd5 Qb6 18. Bd2 Qxb2 19. Rb1 Qxa2 20. Rxb7 Rad8
21. Rbd7 Rxd7 22. Rxd7 h5 23. Kh2 Rb8 24. f4 h4 25. Qe7 Bf8 26. Qxh4 Rb2 27.
Qd8 a6 28. Rd4 Rc2 29. Rd3 Qe6 30. Qd5 Qxd5 31. Rxd5 f5 32. Rd7 Bc5 33. Rc7
Rxd2 34. Rxc5 Rd3 35. Re5 a5 36. Kg3 Kf7 37. Kf3 a4 38. g4 Kf6 39. Ra5 a3 40.
Ra6+ Kf7 41. Ra7+ Ke6 42. Ra6+ Kf7 43. g5 Rb3 44. Rf6+ Kg7 45. Ra6 Kf7 46. h4
Kg7 47. Ra7+ Kg8 48. Ra5 Kg7 49. h5 gxh5 50. Rxf5 h4 51. Kg4 Rxe3 52. Kxh4 Re4
53. Ra5 Rxf4+ 54. Kh5 Rf7 55. Rxa3 Rb7 56. Ra6 Rc7 57. Rg6+ Kh7 58. Rh6+ Kg7
59. Rg6+ Kh7 1/2-1/2

[Event "Australasian Masters IM"]
[Site "Melbourne"]
[Date "2014.12.14"]
[Round "2.5"]
[White "Canfell, Greg"]
[Black "Schon, Eugene"]
[Result "1-0"]
[WhiteElo "2349"]
[BlackElo "2287"]
[PlyCount "147"]
[EventDate "2014.12.??"]
[EventType "tourn"]
[EventRounds "9"]
[EventCountry "AUS"]
[SourceDate "2014.12.14"]

1. e4 e5 2. Nf3 Nc6 3. Bc4 Nf6 4. d3 Be7 5. O-O O-O 6. Re1 d6 7. c3 Na5 8. Bb5
a6 9. Ba4 c5 10. d4 Qc7 11. Nbd2 cxd4 12. cxd4 b5 13. Bc2 Nc6 14. d5 Nb4 15.
Bb1 a5 16. Nf1 Bd7 17. Bd2 Rfc8 18. a3 Na6 19. b4 a4 20. Bd3 Qb7 21. Qe2 Ne8
22. Ne3 g6 23. g4 Ng7 24. h3 Rab8 25. Kh2 Rf8 26. Rg1 Kh8 27. Rg2 Qc8 28. Rag1
Qd8 29. Nd1 Nc7 30. Bh6 Rg8 31. Nc3 Nge8 32. Be3 Rb7 33. Qd2 g5 34. Qe2 Kg7 35.
Nd2 Kf8 36. Nf1 Ng7 37. Ng3 f6 38. h4 h6 39. Nf5 Nxf5 40. gxf5 Rh8 41. hxg5
hxg5+ 42. Kg3 Kg7 43. Rh2 Rxh2 44. Kxh2 Qe8 45. Rh1 Qf7 46. Kg2 Kg8 47. Rh3 Be8
48. Qf1 Bf8 49. Be2 Qg7 50. Bd2 Qd7 51. Qc1 Qe7 52. Bh5 Bxh5 53. Rxh5 Ne8 54.
Qh1 Ng7 55. Rh8+ Kf7 56. Qf1 Qd7 57. Rh7 Ke8 58. Qd3 Kd8 59. Qg3 Qe7 60. Qh3
Qf7 61. Qd3 Qe8 62. Rh8 Ke7 63. Rh1 Qd7 64. Rc1 Ne8 65. Ne2 Rc7 66. Rxc7 Nxc7
67. Be3 Qc8 68. Bb6 Na8 69. Ba5 Qc4 70. Qxc4 bxc4 71. Nc3 g4 72. Nxa4 Bh6 73.
b5 Bc1 74. b6 1-0

[Event "Australasian Masters IM"]
[Site "Melbourne"]
[Date "2014.12.15"]
[Round "3.1"]
[White "Schon, Eugene"]
[Black "Izzat, Kanan"]
[Result "1/2-1/2"]
[WhiteElo "2287"]
[BlackElo "2402"]
[PlyCount "101"]
[EventDate "2014.12.??"]
[EventType "tourn"]
[EventRounds "9"]
[EventCountry "AUS"]
[SourceDate "2014.12.14"]

1. c4 c6 2. Nf3 d5 3. e3 Nf6 4. Nc3 g6 5. d4 Bg7 6. Be2 O-O 7. O-O dxc4 8. Bxc4
Bg4 9. h3 Bxf3 10. Qxf3 Nbd7 11. Rd1 e5 12. d5 e4 13. Nxe4 Nxe4 14. Qxe4 Nb6
15. Qc2 cxd5 16. Be2 Rc8 17. Qb3 Qf6 18. Rb1 Rc5 19. Bd2 Rfc8 20. Bc3 Qh4 21.
Bxg7 Kxg7 22. Rd4 Rc1+ 23. Rxc1 Rxc1+ 24. Rd1 Rxd1+ 25. Bxd1 Qc4 26. Qxc4 Nxc4
27. Bf3 Nxb2 28. Bxd5 b5 29. Kf1 Na4 30. Bb3 Nc5 31. Bc2 f5 32. f4 Kf6 33. g4
a5 34. Ke2 b4 35. gxf5 gxf5 36. Kd2 a4 37. Kc1 Ke6 38. Kb2 h6 39. Kc1 Kf6 40.
Kb2 Kg6 41. Kc1 a3 42. Kb1 Kf6 43. Kc1 Nb7 44. Bd3 Nc5 45. Bc2 Nb7 46. Bd3 Na5
47. Ba6 Kg6 48. Kb1 Kh5 49. Bd3 Kg6 50. Ba6 Kh5 51. Bd3 1/2-1/2

[Event "Australasian Masters IM"]
[Site "Melbourne"]
[Date "2014.12.15"]
[Round "3.2"]
[White "Bjelobrk, Igor"]
[Black "Canfell, Greg"]
[Result "1-0"]
[WhiteElo "2355"]
[BlackElo "2349"]
[PlyCount "61"]
[EventDate "2014.12.??"]
[EventType "tourn"]
[EventRounds "9"]
[EventCountry "AUS"]
[SourceDate "2014.12.14"]

1. Nf3 Nf6 2. c4 g6 3. Nc3 Bg7 4. e4 d6 5. d4 O-O 6. h3 e5 7. d5 Na6 8. Bg5 h6
9. Be3 Nc5 10. Nd2 a5 11. g4 c6 12. Be2 Bd7 13. h4 cxd5 14. cxd5 b5 15. g5 hxg5
16. hxg5 Nh7 17. Nxb5 Bxb5 18. Bxb5 Rb8 19. a4 Nxg5 20. Qg4 Bf6 21. Ke2 Rxb5
22. axb5 Qb6 23. Bxg5 Qxb5+ 24. Kf3 Bg7 25. Be3 f5 26. Qxg6 Nxe4 27. Qe6+ Rf7
28. Nxe4 fxe4+ 29. Kg2 Qe2 30. Rh3 Kf8 31. Rxa5 1-0

[Event "Australasian Masters IM"]
[Site "Melbourne"]
[Date "2014.12.15"]
[Round "3.3"]
[White "Gorka, Carl"]
[Black "Liu, Yi"]
[Result "0-1"]
[WhiteElo "2089"]
[BlackElo "2233"]
[PlyCount "140"]
[EventDate "2014.12.??"]
[EventType "tourn"]
[EventRounds "9"]
[EventCountry "AUS"]
[SourceDate "2014.12.14"]

1. e4 e6 2. d4 d5 3. exd5 exd5 4. Bd3 Nc6 5. c3 Bd6 6. Qf3 Be6 7. Ne2 Qd7 8.
Bf4 Bxf4 9. Nxf4 O-O-O 10. Nxe6 Qxe6+ 11. Kd2 Nge7 12. Na3 f6 13. Rhe1 Qf7 14.
Re2 Kb8 15. Rae1 Nc8 16. Bf5 Nb6 17. b3 a6 18. Nc2 g6 19. Bd3 Rd6 20. Qh3 Rhd8
21. g4 R6d7 22. f4 Re7 23. f5 Rde8 24. Rxe7 Rxe7 25. fxg6 hxg6 26. Qh6 Rxe1 27.
Bxg6 Qe7 28. Nxe1 Qa3 29. Bc2 Qxa2 30. Nd3 a5 31. Qf8+ Ka7 32. Qc5 Qa1 33. Nc1
Ka8 34. h4 a4 35. h5 axb3 36. Nxb3 Qg1 37. Qa3+ Na7 38. Qf8+ Nac8 39. Bd3 Ka7
40. h6 Nd6 41. Kc2 Qf2+ 42. Kd1 Na4 43. Nd2 Qg1+ 44. Kc2 Qa1 45. Nb1 Qa2+ 46.
Kc1 Qb2+ 47. Kd1 Nxc3+ 48. Nxc3 Qxc3 49. Ke2 Qb2+ 50. Kf3 Qxd4 51. Ke2 Qxg4+
52. Kd2 Qb4+ 53. Ke2 Qb2+ 54. Kd1 Qa1+ 55. Ke2 Qe5+ 56. Kd2 Qg5+ 57. Kd1 Qh5+
58. Kd2 Qh2+ 59. Kd1 Qg1+ 60. Ke2 Qh2+ 61. Kd1 Qh3 62. Ke2 d4 63. Kd2 Qe3+ 64.
Kc2 Qf2+ 65. Kd1 Qf3+ 66. Kc2 Qc6+ 67. Kd1 Qc3 68. Ke2 Qb2+ 69. Kd1 Qa1+ 70.
Ke2 Qc1 0-1

[Event "Australasian Masters IM"]
[Site "Melbourne"]
[Date "2014.12.15"]
[Round "3.4"]
[White "Rujevic, Mirko"]
[Black "Jordan, William"]
[Result "1-0"]
[WhiteElo "2211"]
[BlackElo "2233"]
[PlyCount "119"]
[EventDate "2014.12.??"]
[EventType "tourn"]
[EventRounds "9"]
[EventCountry "AUS"]
[SourceDate "2014.12.14"]

1. e4 Nf6 2. e5 Nd5 3. d4 d6 4. Nf3 c6 5. c4 Nc7 6. Nc3 g6 7. exd6 Qxd6 8. Be3
Bg7 9. Be2 O-O 10. O-O Ne6 11. c5 Qc7 12. Bc4 b6 13. Qc1 Rd8 14. cxb6 axb6 15.
d5 Nc5 16. Bf4 Qb7 17. Rd1 Bg4 18. Qe3 cxd5 19. Rxd5 Nc6 20. h3 Nb4 21. Rxd8+
Rxd8 22. hxg4 Nc2 23. Qc1 Nxa1 24. Qxa1 Qd7 25. Qe1 Kf8 26. Qe2 Bxc3 27. bxc3
Qd1+ 28. Qxd1 Rxd1+ 29. Kh2 Ne4 30. Be3 Rd6 31. Ng5 Nxg5 32. Bxg5 Rc6 33. Bh6+
Kg8 34. Bb5 Rxc3 35. Be3 Ra3 36. Bc4 b5 37. Bb3 Ra6 38. Kg3 e5 39. Kf3 Kg7 40.
g5 f5 41. gxf6+ Kxf6 42. Ke4 Rd6 43. g4 g5 44. Bd5 Ra6 45. Bb3 Rd6 46. Bc5 Rd8
47. Ke3 Rd7 48. Ke4 Rd8 49. Bd5 Rc8 50. Bb6 Rc1 51. Bd8+ Kg6 52. Kxe5 h5 53.
gxh5+ Kxh5 54. Bb6 g4 55. Be3 Rc2 56. Kd6 Kh4 57. Bc5 g3 58. fxg3+ Kxg3 59. Bb3
Rc1 60. Kc6 1-0

[Event "Australasian Masters IM"]
[Site "Melbourne"]
[Date "2014.12.15"]
[Round "3.5"]
[White "Dizdarevic, Mehmedalija"]
[Black "Smith, Robert"]
[Result "0-1"]
[WhiteElo "1923"]
[BlackElo "2245"]
[PlyCount "82"]
[EventDate "2014.12.??"]
[EventType "tourn"]
[EventRounds "9"]
[EventCountry "AUS"]
[SourceDate "2014.12.14"]

1. e4 c5 2. Nf3 d6 3. d4 cxd4 4. Nxd4 Nf6 5. Nc3 a6 6. Bg5 e6 7. f4 Nbd7 8. Qf3
Qc7 9. O-O-O b5 10. Bd3 Bb7 11. Rhe1 Be7 12. Bxf6 Nxf6 13. Qh3 b4 14. Na4 Nd7
15. Qh5 g6 16. Qg4 e5 17. Nf3 Bc6 18. b3 Bxa4 19. bxa4 exf4 20. Qxf4 O-O 21.
Qh6 Bf6 22. Ng5 Bxg5+ 23. Qxg5 Ne5 24. Qd2 Qa5 25. Be2 Rfd8 26. Qd5 Qxa4 27.
Qb3 Qc6 28. Rd5 Rab8 29. Kb1 Qb6 30. Rf1 Rb7 31. h4 Rc7 32. Qg3 Rc3 33. Qg5
Rdc8 34. Qf6 Rxc2 35. Rxe5 Qc7 36. Re8+ Rxe8 37. Bd3 Rc3 38. Qf3 Rc8 39. Qe3 b3
40. a3 b2 41. Kxb2 Qb7+ 0-1

[Event "Australasian Masters IM"]
[Site "Melbourne"]
[Date "2014.12.16"]
[Round "4.1"]
[White "Izzat, Kanan"]
[Black "Smith, Robert"]
[Result "1-0"]
[WhiteElo "2402"]
[BlackElo "2245"]
[PlyCount "95"]
[EventDate "2014.12.??"]
[EventType "tourn"]
[EventRounds "9"]
[EventCountry "AUS"]
[SourceDate "2014.12.14"]

1. d4 d5 2. c4 c6 3. Nf3 Nf6 4. Nc3 e6 5. g3 Bb4 6. Qb3 c5 7. dxc5 Nc6 8. a3
Bxc5 9. cxd5 Nxd5 10. Bg2 O-O 11. O-O Qb6 12. Qxb6 Bxb6 13. Na4 Bc7 14. Bd2 b6
15. Nc3 Nxc3 16. Bxc3 Rb8 17. Rfc1 Bb7 18. Ne1 Rfc8 19. Rc2 Ne7 20. Bxb7 Rxb7
21. Bb4 Re8 22. Rac1 Be5 23. Nf3 Bb8 24. e4 f6 25. Rd1 a5 26. Bxe7 Rbxe7 27.
Kf1 Kf7 28. Ke2 Rb7 29. Nd4 Rd8 30. Nb5 Rxd1 31. Kxd1 Ke7 32. Rc8 f5 33. Ke2
Be5 34. f4 Kd7 35. Rc2 Bf6 36. e5 Be7 37. Rd2+ Ke8 38. Rd6 Kf7 39. Rc6 Rb8 40.
Nd4 b5 41. Rc7 Re8 42. Kd3 Rd8 43. Ke3 b4 44. axb4 axb4 45. Rxe7+ Kxe7 46. Nc6+
Kd7 47. Nxd8 Kxd8 48. Kd4 1-0

[Event "Australasian Masters IM"]
[Site "Melbourne"]
[Date "2014.12.16"]
[Round "4.2"]
[White "Jordan, William"]
[Black "Dizdarevic, Mehmedalija"]
[Result "1-0"]
[WhiteElo "2233"]
[BlackElo "1923"]
[PlyCount "91"]
[EventDate "2014.12.??"]
[EventType "tourn"]
[EventRounds "9"]
[EventCountry "AUS"]
[SourceDate "2014.12.14"]

1. e4 d5 2. exd5 Nf6 3. Nc3 Bg4 4. Nf3 Nxd5 5. Bc4 c6 6. h3 Bh5 7. g4 Nxc3 8.
bxc3 Bg6 9. Ne5 Nd7 10. Nxg6 hxg6 11. d4 Qa5 12. Qf3 e6 13. Bf4 Nf6 14. Rb1 Qa4
15. Bd3 Qxa2 16. Rxb7 Qd5 17. Qxd5 Nxd5 18. Be5 Nxc3 19. Kd2 Nd5 20. c4 Nf6 21.
Be2 a5 22. Bf3 Rc8 23. g5 Nd7 24. Bc7 Bb4+ 25. Kd3 Rxc7 26. Rxc7 Kd8 27. Rxc6
Ke7 28. Rc7 Kd6 29. Ra7 Rh4 30. c5+ Bxc5 31. dxc5+ Nxc5+ 32. Ke3 Ra4 33. Rd1+
Ke5 34. Rxf7 Ra3+ 35. Ke2 Nb3 36. Bg2 Nd4+ 37. Kf1 Nf5 38. Re1+ Kd6 39. Ra7 Nd4
40. Rd1 e5 41. Rxg7 Ke6 42. h4 a4 43. Rxg6+ Kf5 44. Rf6+ Kg4 45. g6 Rc3 46. g7
1-0

[Event "Australasian Masters IM"]
[Site "Melbourne"]
[Date "2014.12.16"]
[Round "4.3"]
[White "Liu, Yi"]
[Black "Rujevic, Mirko"]
[Result "1-0"]
[WhiteElo "2233"]
[BlackElo "2211"]
[PlyCount "103"]
[EventDate "2014.12.??"]
[EventType "tourn"]
[EventRounds "9"]
[EventCountry "AUS"]
[SourceDate "2014.12.14"]

1. d4 Nf6 2. c4 g6 3. Nc3 Bg7 4. e4 d6 5. Nf3 O-O 6. Be2 e5 7. O-O Nc6 8. d5
Nb8 9. Ne1 a5 10. Nd3 Na6 11. a3 Nc5 12. Nxc5 dxc5 13. Qc2 Ne8 14. Na4 b6 15.
b4 cxb4 16. axb4 f5 17. bxa5 Rxa5 18. Bd2 Ra8 19. f3 Bd7 20. Nc3 Nd6 21. Be3
fxe4 22. fxe4 Rxa1 23. Rxa1 Qh4 24. Rf1 Rxf1+ 25. Bxf1 Bh6 26. Bf2 Qf4 27. Bd3
Qd2 28. Qxd2 Bxd2 29. Nb5 Bxb5 30. cxb5 Kf7 31. Bg3 Bc3 32. Kf2 Ke7 33. Bh4+
Kd7 34. Kf3 Nf7 35. Bf6 Bb4 36. g3 Be7 37. Bg7 Bd6 38. h4 Bb4 39. Bf1 Bc3 40.
Bh3+ Ke7 41. Be6 Nd6 42. Bh6 Nxb5 43. Bg8 Nd6 44. Bxh7 Nf7 45. Bg7 g5 46. h5
g4+ 47. Ke2 Bb2 48. Bg6 Bc1 49. Bxf7 Kxf7 50. Bxe5 b5 51. Kd3 Bg5 52. Bxc7 1-0

[Event "Australasian Masters IM"]
[Site "Melbourne"]
[Date "2014.12.16"]
[Round "4.4"]
[White "Canfell, Greg"]
[Black "Gorka, Carl"]
[Result "0-1"]
[WhiteElo "2349"]
[BlackElo "2089"]
[PlyCount "44"]
[EventDate "2014.12.??"]
[EventType "tourn"]
[EventRounds "9"]
[EventCountry "AUS"]
[SourceDate "2014.12.14"]

1. e4 e5 2. Nf3 d6 3. d4 exd4 4. Nxd4 Nf6 5. Nc3 Be7 6. Bf4 O-O 7. Qd2 c6 8.
O-O-O b5 9. e5 b4 10. Na4 dxe5 11. Bxe5 Qa5 12. Bxb8 Qxa4 13. Qe3 Nd5 14. Qg3
Rxb8 15. Qxb8 Bg5+ 16. Kb1 Be6 17. Qxf8+ Kxf8 18. Nxe6+ fxe6 19. Bd3 Bf6 20.
Ka1 Bxb2+ 21. Kxb2 Qa3+ 22. Ka1 Nc3 0-1

[Event "Australasian Masters IM"]
[Site "Melbourne"]
[Date "2014.12.16"]
[Round "4.5"]
[White "Schon, Eugene"]
[Black "Bjelobrk, Igor"]
[Result "1/2-1/2"]
[WhiteElo "2287"]
[BlackElo "2355"]
[PlyCount "45"]
[EventDate "2014.12.??"]
[EventType "tourn"]
[EventRounds "9"]
[EventCountry "AUS"]
[SourceDate "2014.12.14"]

1. e4 e5 2. Nf3 Nc6 3. Bb5 Nf6 4. O-O Nxe4 5. Qe2 Ng5 6. Nxg5 Qxg5 7. c3 a6 8.
Ba4 b5 9. Bb3 Bd6 10. f4 Qe7 11. fxe5 Qxe5 12. Bxf7+ Kd8 13. Qxe5 Bxe5 14. d4
Bf6 15. Bd5 Bb7 16. Nd2 Rb8 17. Bf3 Ne7 18. Bxb7 Rxb7 19. Ne4 Rb6 20. Bg5 Nd5
21. Rf5 Re8 22. Nxf6 Nxf6 23. Raf1 1/2-1/2

[Event "Australasian Masters IM"]
[Site "Melbourne"]
[Date "2014.12.17"]
[Round "5.1"]
[White "Bjelobrk, Igor"]
[Black "Izzat, Kanan"]
[Result "1/2-1/2"]
[WhiteElo "2355"]
[BlackElo "2402"]
[PlyCount "73"]
[EventDate "2014.12.??"]
[EventType "tourn"]
[EventRounds "9"]
[EventCountry "AUS"]
[SourceDate "2014.12.14"]

1. Nf3 Nf6 2. c4 g6 3. Nc3 d5 4. cxd5 Nxd5 5. Qb3 Nb6 6. d4 Bg7 7. e4 Bg4 8.
Bb5+ c6 9. Ng5 O-O 10. Be2 Bxe2 11. Nxe2 Na6 12. Qh3 h5 13. g4 Qd7 14. Rg1 e5
15. Qh4 f6 16. gxh5 fxg5 17. Bxg5 Rf3 18. Rg3 Rxg3 19. Nxg3 Qe6 20. hxg6 Qxg6
21. Nf5 Re8 22. dxe5 Nb4 23. Rd1 Bxe5 24. Rd8 N4d5 25. exd5 Nxd5 26. Rxe8+ Qxe8
27. Kf1 Qg6 28. Qg4 Bxb2 29. h4 Kh7 30. Ng3 Bf6 31. Ne4 Be5 32. h5 Qf7 33. Bd2
Bf4 34. Bxf4 Qxf4 35. Qg6+ Kh8 36. Qe8+ Kg7 37. Qg6+ 1/2-1/2

[Event "Australasian Masters IM"]
[Site "Melbourne"]
[Date "2014.12.17"]
[Round "5.2"]
[White "Gorka, Carl"]
[Black "Schon, Eugene"]
[Result "1/2-1/2"]
[WhiteElo "2089"]
[BlackElo "2287"]
[PlyCount "201"]
[EventDate "2014.12.??"]
[EventType "tourn"]
[EventRounds "9"]
[EventCountry "AUS"]
[SourceDate "2014.12.14"]

1. e4 e5 2. Nf3 Nc6 3. c3 d5 4. Qa4 f6 5. Bb5 Nge7 6. exd5 Qxd5 7. O-O e4 8.
Nd4 Bd7 9. Nxc6 Nxc6 10. Re1 O-O-O 11. Qc4 Qxc4 12. Bxc4 Bf5 13. g4 Bg6 14. f4
exf3 15. d4 Bd6 16. Rf1 Rde8 17. Rxf3 Re1+ 18. Rf1 Rhe8 19. Bd2 R1e7 20. b4 a5
21. a3 h5 22. g5 Re4 23. h3 fxg5 24. Bxg5 Be7 25. Bxe7 R8xe7 26. Bd3 R4e6 27.
Rf8+ Kd7 28. Bxg6 Rxg6+ 29. Kf2 Rge6 30. Ra2 Re1 31. Rb2 Rh1 32. Kg2 Ree1 33.
Nd2 Reg1+ 34. Kf2 Rc1 35. Rf7+ Ke6 36. Rxc7 Nxd4 37. Rxg7 Rxc3 38. bxa5 Rhxh3
39. Ne4 Rh2+ 40. Rg2 Rxg2+ 41. Kxg2 Rxa3 42. Rxb7 Rxa5 43. Rh7 Nf5 44. Nf2 Nh4+
45. Kh3 Ng6 46. Kg3 Ra3+ 47. Kh2 h4 48. Rh5 Ra2 49. Kg1 Ne5 50. Kg2 Ng4 51.
Rxh4 Nxf2 52. Kf3 Nd3 53. Rh6+ Kd5 54. Rh5+ Ne5+ 55. Kf4 Rf2+ 56. Ke3 Rf3+ 57.
Ke2 Ra3 58. Kd2 Rg3 59. Ke2 Ke4 60. Rh4+ Ng4 61. Kd2 Kd5 62. Ke2 Re3+ 63. Kd2
Re4 64. Rh5+ Kc4 65. Rh8 Nf6 66. Rc8+ Kd4 67. Ra8 Ke5 68. Ra5+ Nd5 69. Ra8 Rb4
70. Rh8 Rb2+ 71. Kd3 Rb3+ 72. Kc2 Rf3 73. Re8+ Kd4 74. Rd8 Rf6 75. Kb3 Rf2 76.
Rh8 Rf3+ 77. Kb2 Nb6 78. Rh4+ Kd3 79. Kb3 Nd5 80. Ka4 Rf6 81. Kb5 Nc3+ 82. Kc5
Ne2 83. Rh3+ Ke4 84. Rh4+ Nf4 85. Kc4 Rg6 86. Kc5 Ke5 87. Rh8 Rg5 88. Kc6 Rg2
89. Rh1 Rc2+ 90. Kb5 Nd3 91. Rh5+ Kd6 92. Rh6+ Kd5 93. Rh5+ Ne5 94. Kb4 Rb2+
95. Kc3 Rg2 96. Kb3 Kd4 97. Rh4+ Kc5 98. Rh5 Re2 99. Rh8 Re3+ 100. Kc2 Re2+
101. Kb3 1/2-1/2

[Event "Australasian Masters IM"]
[Site "Melbourne"]
[Date "2014.12.17"]
[Round "5.3"]
[White "Rujevic, Mirko"]
[Black "Canfell, Greg"]
[Result "0-1"]
[WhiteElo "2211"]
[BlackElo "2349"]
[PlyCount "34"]
[EventDate "2014.12.??"]
[EventType "tourn"]
[EventRounds "9"]
[EventCountry "AUS"]
[SourceDate "2014.12.14"]

1. e4 c5 2. Nf3 e6 3. d4 cxd4 4. Nxd4 Nf6 5. Nc3 d6 6. Be2 Be7 7. Be3 O-O 8.
O-O Nc6 9. f4 e5 10. Nxc6 bxc6 11. fxe5 dxe5 12. Qxd8 Rxd8 13. Bc4 Ng4 14. Rxf7
Nxe3 15. Bb3 Bc5 16. Rd7+ Nc4+ 17. Kh1 Bxd7 0-1